LEADER 02121nam0 2200433 i 450 001 VAN00115305 005 20240806100753.748 017 70$2N$a978-3-319-43838-2 100 $a20180302d2016 |0itac50 ba 101 $aeng 102 $aCH 105 $a|||| ||||| 200 1 $aRecent advances in game theory and applications$eeuropean meeting on game theory, Saint Petersburg, Russia, 2015, and networking games and management, Petrozavodsk, Russia, 2015$fLeon A. Petrosyan, Vladimir V. Mazalov editors 210 $a[Basel]$cBirkhäuser$cSpringer$d2016 215 $aXII, 284 p.$cill.$d24 cm 410 1$1001VAN00115306$12001 $aStatic & Dynamic Game Theory: Foundations & Applications$1210 $aBasel [etc.]$cBirkhäuser 500 1$3VAN00243078$aRecent advances in game theory and applications$91523598 606 $a91Axx$xGame theory [MSC 2020]$3VANC020464$2MF 610 $aDynamic Games and Applications$9KW:K 610 $aDynamic networks$9KW:K 610 $aEvolutionary Games and Applications$9KW:K 610 $aGame Theory$9KW:K 610 $aMarket Models$9KW:K 610 $aStochastic Games and Applications$9KW:K 620 $aCH$dBasel$3VANL002076 702 1$aMazalov$bVladimir V.$3VANV089218 702 1$aPetrosyan$bLeon A.$3VANV089217 712 12$aEuropean meeting on Game Theory$d11.$f2015$eSaint Petersburg, Russia$3VANV089219 712 12$aInternational conference on Game Theory and Management$f2015$ePetrozavodsk, Russia$3VANV089220 712 $aBirkhäuser $3VANV108193$4650 712 $aSpringer $3VANV108073$4650 801 $aIT$bSOL$c20250214$gRICA 856 4 $uhttp://dx.doi.org/10.1007/978-3-319-43838-2$zE-book ? Accesso al full-text attraverso riconoscimento IP di Ateneo, proxy e/o Shibbolet 899 $aBIBLIOTECA CENTRO DI SERVIZIO SBA$2VAN15 912 $fN 912 $aVAN00115305 950 $aBIBLIOTECA CENTRO DI SERVIZIO SBA$d15CONS SBA EBOOK 2470 $e15EB 2470 20180302 996 $aRecent advances in game theory and applications$91523598 997 $aUNICAMPANIA LEADER 01644nam0 2200373 i 450 001 VAN00004165 005 20251211112341.628 010 $a88-13-19640-7 020 $aIT$b97 1501 100 $a20020719d1996 |0itac50 ba 101 $aita 102 $aIT 105 $a|||| ||||| 181 $ai$b e 182 $an 183 $anc 200 1 $aAmbiente e protezione della natura$fAndrea Simoncini 210 $aPadova$cCEDAM$d1996 215 $aXI, 409 p.$d24 cm 316 $aFondo Ferrara$5IT-IT-CE0105 CONSF.G.2000 410 1$1001VAN00009407$12001 $aPubblicazioni dell'Istituto giuridico$fUniversità degli studi di Firenze, Facoltà di economia e commercio$1210 $aPadova$cCEDAM$d1978-.$v13 606 $aAmbiente naturale$xTutela giuridica$3VANC002675$2FI 620 $dPadova$3VANL000007 676 $a346.45046$v21 700 1$aSimoncini$bAndrea$3VANV003900$0141824 712 $aCEDAM $3VANV111515$4650 801 $aIT$bSOL$c20251212$gRICA 899 $aBIBLIOTECA DEL DIPARTIMENTO DI ECONOMIA$1IT-CE0106$2VAN03 912 $aVAN00004165 950 $aBIBLIOTECA DEL DIPARTIMENTO DI GIURISPRUDENZA$d00CONS F.G.2000 $e00FG 2000 20251211 Fondo Ferrara 950 $aBIBLIOTECA DEL DIPARTIMENTO DI GIURISPRUDENZA$d00CONS IV.Er.156 $e00 18130 20020719 950 $aBIBLIOTECA DEL DIPARTIMENTO DI ECONOMIA$d03PREST IVBi12 $e03 7711 20130417 996 $aAmbiente e protezione della natura$9509232 997 $aUNICAMPANIA